Technologický paradox

Prínos investícií do informačnej a komunikačnej techniky. Produktivita. Technologický paradox - vymedzenie pojmu. Využitie informačnej a komunikačnej techniky. Industriálna spoločnosť. Postindustriálna spoločnosť. Výskum názorov podnikových manažérov.

Gespeichert in:
Bibliographische Detailangaben
1. Verfasser: Čarnický, Štefan
Weitere Verfasser: Sudzina, František
Format: Buchkapitel
Sprache:Slowakisch
Schlagworte:
Tags: Tag hinzufügen
Keine Tags, Fügen Sie das erste Tag hinzu!

MARC

LEADER 00000naa$a2200000$$$4500
001 0011012
005 20240502071356.1
041 0 |a slo 
044 |a SK 
245 1 0 |a Technologický paradox  |c Štefan Čarnický, František Sudzina 
520 |a Prínos investícií do informačnej a komunikačnej techniky. Produktivita. Technologický paradox - vymedzenie pojmu. Využitie informačnej a komunikačnej techniky. Industriálna spoločnosť. Postindustriálna spoločnosť. Výskum názorov podnikových manažérov. 
610 2 0 |a produktivita 
610 2 0 |a paradox produktivity 
610 2 0 |a produktivita práce 
610 2 0 |a zvyšovanie produktivity 
610 2 0 |a technológie informačné 
610 2 0 |a technológie komunikačné 
610 2 0 |a investície 
610 2 0 |a výskum 
100 1 |a Čarnický, Štefan 
700 1 |a Sudzina, František